|
|
|
|
| LEADER |
02902nam a2200529 4500 |
| 001 |
978-3-030-16863-6 |
| 003 |
DE-He213 |
| 005 |
20191023222100.0 |
| 007 |
cr nn 008mamaa |
| 008 |
190615s2019 gw | s |||| 0|eng d |
| 020 |
|
|
|a 9783030168636
|9 978-3-030-16863-6
|
| 024 |
7 |
|
|a 10.1007/978-3-030-16863-6
|2 doi
|
| 040 |
|
|
|d GrThAP
|
| 050 |
|
4 |
|a QA166-166.247
|
| 072 |
|
7 |
|a PBV
|2 bicssc
|
| 072 |
|
7 |
|a MAT013000
|2 bisacsh
|
| 072 |
|
7 |
|a PBV
|2 thema
|
| 082 |
0 |
4 |
|a 511.5
|2 23
|
| 100 |
1 |
|
|a Chartrand, Gary.
|e author.
|4 aut
|4 http://id.loc.gov/vocabulary/relators/aut
|
| 245 |
1 |
0 |
|a How to Label a Graph
|h [electronic resource] /
|c by Gary Chartrand, Cooroo Egan, Ping Zhang.
|
| 250 |
|
|
|a 1st ed. 2019.
|
| 264 |
|
1 |
|a Cham :
|b Springer International Publishing :
|b Imprint: Springer,
|c 2019.
|
| 300 |
|
|
|a XIII, 89 p. 79 illus., 2 illus. in color.
|b online resource.
|
| 336 |
|
|
|a text
|b txt
|2 rdacontent
|
| 337 |
|
|
|a computer
|b c
|2 rdamedia
|
| 338 |
|
|
|a online resource
|b cr
|2 rdacarrier
|
| 347 |
|
|
|a text file
|b PDF
|2 rda
|
| 490 |
1 |
|
|a SpringerBriefs in Mathematics,
|x 2191-8198
|
| 505 |
0 |
|
|a 1 Introduction -- 2 Graceful Labelings -- 3 Harmonious Labelings -- 4 Prime Labelings -- 5 Additive Labelings -- 6 Zonal Labelings. .
|
| 520 |
|
|
|a This book depicts graph labelings that have led to thought-provoking problems and conjectures. Problems and conjectures in graceful labelings, harmonious labelings, prime labelings, additive labelings, and zonal labelings are introduced with fundamentals, examples, and illustrations. A new labeling with a connection to the four color theorem is described to aid mathematicians to initiate new methods and techniques to study classical coloring problems from a new perspective. Researchers and graduate students interested in graph labelings will find the concepts and problems featured in this book valuable for finding new areas of research.
|
| 650 |
|
0 |
|a Graph theory.
|
| 650 |
|
0 |
|a Combinatorics.
|
| 650 |
|
0 |
|a Applied mathematics.
|
| 650 |
|
0 |
|a Engineering mathematics.
|
| 650 |
1 |
4 |
|a Graph Theory.
|0 http://scigraph.springernature.com/things/product-market-codes/M29020
|
| 650 |
2 |
4 |
|a Combinatorics.
|0 http://scigraph.springernature.com/things/product-market-codes/M29010
|
| 650 |
2 |
4 |
|a Applications of Mathematics.
|0 http://scigraph.springernature.com/things/product-market-codes/M13003
|
| 700 |
1 |
|
|a Egan, Cooroo.
|e author.
|4 aut
|4 http://id.loc.gov/vocabulary/relators/aut
|
| 700 |
1 |
|
|a Zhang, Ping.
|e author.
|4 aut
|4 http://id.loc.gov/vocabulary/relators/aut
|
| 710 |
2 |
|
|a SpringerLink (Online service)
|
| 773 |
0 |
|
|t Springer eBooks
|
| 776 |
0 |
8 |
|i Printed edition:
|z 9783030168629
|
| 776 |
0 |
8 |
|i Printed edition:
|z 9783030168643
|
| 830 |
|
0 |
|a SpringerBriefs in Mathematics,
|x 2191-8198
|
| 856 |
4 |
0 |
|u https://doi.org/10.1007/978-3-030-16863-6
|z Full Text via HEAL-Link
|
| 912 |
|
|
|a ZDB-2-SMA
|
| 950 |
|
|
|a Mathematics and Statistics (Springer-11649)
|